| 000 | 00500nam a2200169Ia 4500 | ||
|---|---|---|---|
| 008 | 230925s9999||||xx |||||||||||||| ||und|| | ||
| 082 | _a620 KHA | ||
| 100 |
_aKhan, Aqib Nawaz (326913) _9118220 |
||
| 245 | 0 | _aClimate Change Impacts on Sustainable Bioenergy Generation in Pakistan / | |
| 260 |
_bUSPCAS-E, NUST,Islamabad : _c2023 |
||
| 300 | _axv, 83 p. | ||
| 520 | _aTH-456 | ||
| 650 |
_vMS Thesis _918721 |
||
| 650 | _vMS ESE Thesis | ||
| 700 |
_aDr. Rabia Liaquat _928881 |
||
| 942 |
_cTHE _2ddc |
||
| 999 |
_c603203 _d603203 |
||